| 000 | 00552nam a2200181Ia 4500 | ||
|---|---|---|---|
| 008 | 151018s9999 xx 000 0 und d | ||
| 082 |
_bRBASDV9631 _a891.462 |
||
| 100 | _aव पु काळे | ||
| 245 | _aरात्र नको चांदणी | ||
| 250 | _b1 | ||
| 260 |
_bवि.र.बाम _c1962 |
||
| 300 | _a78 | ||
| 600 | _aव पु काळे | ||
| 630 | _aरात्र नको चांदणी | ||
| 700 | _aव पु काळे | ||
| 730 | _aरात्र नको चांदणी | ||
| 942 | _cBOOK | ||
| 999 |
_c1011995 _d1011992 |
||